000 00526nam a22001817a 4500
999 _c194101
_d194101
005 20221207144756.0
010 _aENG-135767
020 _a978-81-85990-11-8
_c295.00
035 _aEN-119299
037 _bDBAD/PUB
082 _a954.042
100 _aGoel, Sita Ram
245 _aGenesis and growth of nehruism/
_cSita Ram Goel
260 _aNew Delhi
_bVoice of India
_c2018
270 _a2/18, Ansari Road
_bNew Delhi
_e110002
300 _a231 p.
_c22cm(pbk)
_bIndex
942 _2ddc
_cEN
_mGOE
_h954.042